00589nam a22001937a 450000500170000000800410001704000070005824500170006525000330008249000240011552001290013965000200026865000220028865000150031065000150032594200120034099900150035295200280036720250513162655.0250513b |||||||| |||| 00| 0 eng d cDO aEtna ignites aFebruary 2002 Vol. 201 No. 2 aNational Geographic aWar on Disease, Search for a Cure, Cuba Reefs, Mount Etna Ignites, Salt Lake Valley, Central Asia Unveiled, Elkton, Maryland xWAR ON DISEASE  xSEARCH FOR A CURE xCUBA REEFS xMOUNT ETNA 2ddccCR c5511d5511 aDObDOpDSMSR022002-067